书目信息 |
| 题名: |
北斗导航卫星可靠性工程
|
|
| 作者: | 杨慧, , 赵海涛, 著 | |
| 分册: | ||
| 出版信息: | 北京 国防工业出版社 2021.03 |
|
| 页数: | XXXIX, 370页, 16页图版 | |
| 开本: | 24cm | |
| 丛书名: | 卫星导航工程技术丛书 | |
| 单 册: | ||
| 中图分类: | P228.4 | |
| 科图分类: | ||
| 主题词: | 卫星导航--wei xing dao hang--全球定位系统--可靠性工程 | |
| 电子资源: | ||
| ISBN: | 978-7-118-12147-6 | |
| 000 | 01606nam 2200313 450 | |
| 001 | 94796 | |
| 005 | 20250820211224.63 | |
| 010 | @a978-7-118-12147-6@b精装@dCNY158.00 | |
| 100 | @a20210918d2021 em y0chiy50 ea | |
| 101 | 0 | @achi |
| 102 | @aCN@b110000 | |
| 105 | @aaf a 000yy | |
| 106 | @ar | |
| 200 | 1 | @a北斗导航卫星可靠性工程@Abei dou dao hang wei xing ke kao xing gong cheng@d= Reliability engineering of Beidou navigation satellite@f杨慧, 赵海涛等著@zeng |
| 210 | @a北京@c国防工业出版社@d2021.03 | |
| 215 | @aXXXIX, 370页, 16页图版@c图@d24cm | |
| 225 | 2 | @a卫星导航工程技术丛书@Awei xing dao hang gong cheng ji shu cong shu |
| 300 | @a国家出版基金项目 “十三五”国家重点出版物出版规划项目 | |
| 314 | @a杨慧, 现任北斗二号卫星系统总指挥、总设计师, 中国航天科技集团公司学术技术带头人。赵海涛, 任可靠性专业主任设计师。 | |
| 320 | @a有书目 | |
| 330 | @a本书首先对导航卫星工程及其可靠性工作的特点进行了概述, 然后从可靠性要求的确定、可靠性设计、可靠性分析、过程控制中的可靠性保证、可靠性试验与验证、可靠性管理、组网卫星的备份策略等7个方面系统性的详细介绍了导航卫星在可靠性工作中采用的理论方法, 结合工程经验给出了注意事项, 提供了大量优秀的工程案例, 并结合导航卫星研制的特殊性说明了导航卫星各项可靠性工作的特点。 | |
| 410 | 0 | @12001 @a卫星导航工程技术丛书 |
| 510 | 1 | @aReliability engineering of Beidou navigation satellite@zeng |
| 606 | 0 | @a卫星导航@Awei xing dao hang@x全球定位系统@x可靠性工程 |
| 690 | @aP228.4@v5 | |
| 701 | 0 | @a杨慧,@Ayang hui@f1957-@4著 |
| 701 | 0 | @a赵海涛,@Azhao hai tao@f1976-@4著 |
| 801 | 0 | @aCN@c20250909 |
| 905 | @a河南城建学院图书馆@dP228.4@eY193-2@f1 | |
| 北斗导航卫星可靠性工程= Reliability engineering of Beidou navigation satellite/杨慧, 赵海涛等著.-北京:国防工业出版社,2021.03 |
| XXXIX, 370页, 16页图版:图;24cm.-(卫星导航工程技术丛书) |
| 国家出版基金项目 “十三五”国家重点出版物出版规划项目 |
| ISBN 978-7-118-12147-6(精装):CNY158.00 |
| 本书首先对导航卫星工程及其可靠性工作的特点进行了概述, 然后从可靠性要求的确定、可靠性设计、可靠性分析、过程控制中的可靠性保证、可靠性试验与验证、可靠性管理、组网卫星的备份策略等7个方面系统性的详细介绍了导航卫星在可靠性工作中采用的理论方法, 结合工程经验给出了注意事项, 提供了大量优秀的工程案例, 并结合导航卫星研制的特殊性说明了导航卫星各项可靠性工作的特点。 |
| ● |
| 相关链接 |
|
|
|
正题名:北斗导航卫星可靠性工程
索取号:P228.4/Y193-2
 
预约/预借
| 序号 | 登录号 | 条形码 | 馆藏地/架位号 | 状态 | 备注 |
| 1 | 1629012 | 216290127 | 自科库401/401自科库 122排2列4层/ [索取号:P228.4/Y193-2] | 在馆 |